| 000 | 00460nam a2200157Ia 4500 | ||
|---|---|---|---|
| 008 | 160316s2006 xxu||||| |||| 00| 0 eng d | ||
| 082 |
_a339.460954 _bRAD |
||
| 100 | _aRadhakrishna R | ||
| 245 | _aHand book of poverty in india : Perspectives, policies and programmes | ||
| 250 | _a | ||
| 260 |
_aNew Delhi _bOxford University Press _c2006 |
||
| 300 |
_a185p _b _cxxi |
||
| 365 | _bRs.650 | ||
| 650 | _a1. Economics - Poverty - India | ||
| 700 |
_aRay Shovan _a |
||
| 999 |
_c25418 _d25418 |
||